| 000 | 01201nam a2200361 i 4500 | ||
|---|---|---|---|
| 001 | 768714001 | ||
| 003 | CO-MdFUSB | ||
| 005 | 20230208163429.0 | ||
| 007 | ta | ||
| 008 | 180306t1969 ag ||||| |||| 00| 0 spa d | ||
| 020 | _q[No incluye ISBN] | ||
| 040 |
_aCO-MdFUSB _bspa _cCO-MdFUSB _dCO-MdFUSBC _erda |
||
| 041 | 0 |
_aspa _hger |
|
| 082 | 0 | 4 |
_a227.1 _223 _bN9948d |
| 100 | 1 |
_aNygren, Anders (1890-) _eautor |
|
| 240 | _aCommentary on Romans | ||
| 245 | 3 |
_aLa epístola a los Romanos _c/ Anders Nygren |
|
| 264 | 1 |
_aBuenos Aires, Argentina : _bLa Aurora, _c[1969] |
|
| 264 | 4 | _c©1969 | |
| 300 |
_a377 páginas _c; 23 cm |
||
| 336 |
_2rdacontent _atexto _btxt |
||
| 337 |
_2rdamedia _asin mediación _bn |
||
| 338 |
_2rdacarrier _avolumen _bnc |
||
| 505 |
_tPrimera parte: _aEL justo por la fe: 1:18-4:25. |
||
| 505 |
_tSegunda Parte: _aEl justo por la fe vivirá: 5:1 - 8:39 |
||
| 505 |
_tTercera Parte: _aLa justicia de la fe no está contra la promesa de Dios: 9:1 -11:36 |
||
| 505 |
_tCuarta Parte: _aLa vida del justo por la fe: 12:1: 15:13 |
||
| 505 |
_tConclusión: _a15:14-16:27 |
||
| 563 | _aRústico | ||
| 630 | 0 | 7 |
_aBiblia. _pRomanos |
| 942 | _cBK | ||
| 945 | _aJTF-925 | ||
| 999 |
_c34383 _d34383 |
||